Vividha thathvachindhapadhathikalude prabhavam ashankavithayil - oranweshanam / (Record no. 75534)

MARC details
000 -LEADER
fixed length control field 00980nam a22002657a 4500
003 - CONTROL NUMBER IDENTIFIER
control field OSt
005 - DATE AND TIME OF LATEST TRANSACTION
control field 20220209143234.0
008 - FIXED-LENGTH DATA ELEMENTS--GENERAL INFORMATION
fixed length control field 220118b |||||||| |||| 00| 0 eng d
020 ## - INTERNATIONAL STANDARD BOOK NUMBER
Collection Number T135
040 ## - CATALOGING SOURCE
Transcribing agency STCP
041 ## - LANGUAGE CODE
Language code of text/sound track or separate title English
082 ## - DEWEY DECIMAL CLASSIFICATION NUMBER
Classification number 894.812
Item number PRA-V
100 ## - MAIN ENTRY--PERSONAL NAME
Personal name P.G. Pradeep Kumar
110 ## - GUIDE
Theses guided by Guided by M. Gopalakrishnan Nair
111 ## - REARCH CENTRE
University and Center Mahatma Gandhi University Kottayam, Research Department of Malayalam, St Thomas Colleage Palai
245 ## - TITLE STATEMENT
Title Vividha thathvachindhapadhathikalude prabhavam ashankavithayil - oranweshanam /
Statement of responsibility, etc. by P.G. Pradeep Kumar
Title in other language വിവിധ തത്വചിന്താപദ്ധതികളുടെ പ്രഭാവം ആശാൻകവിതയിൽ - ഒരന്വേഷണം
260 ## - PUBLICATION, DISTRIBUTION, ETC.
Place of publication, distribution, etc. Pala :
Date of publication, distribution, etc. April 2002
300 ## - PHYSICAL DESCRIPTION
Extent 351 p.
Other physical details Hard Back
650 ## - SUBJECT ADDED ENTRY--TOPICAL TERM
Topical term Malayalam
856 ## - ELECTRONIC LOCATION AND ACCESS
Uniform Resource Identifier <a href="https://shodhganga.inflibnet.ac.in/handle/10603/7621">https://shodhganga.inflibnet.ac.in/handle/10603/7621</a>
942 ## - ADDED ENTRY ELEMENTS (KOHA)
Koha item type Theses
942 ## - ADDED ENTRY ELEMENTS (KOHA)
Suppress in OPAC No
Source of classification or shelving scheme Dewey Decimal Classification
942 ## - ADDED ENTRY ELEMENTS (KOHA)
Source of classification or shelving scheme Dewey Decimal Classification
Suppress in OPAC No
942 ## - ADDED ENTRY ELEMENTS (KOHA)
Source of classification or shelving scheme Dewey Decimal Classification
Suppress in OPAC No
Holdings
Withdrawn status Lost status Source of classification or shelving scheme Damaged status Not for loan Collection code Home library Current library Shelving location Date acquired Total Checkouts Full call number Barcode Date last seen Price effective from Koha item type
    Dewey Decimal Classification     Malayalam ST. THOMAS COLLEGE LIBRARY, PALAI ST. THOMAS COLLEGE LIBRARY, PALAI Theses 2022-01-18   894.812 PRA-V T135 2022-01-18 2022-01-18 Theses
Rights reserved ©2021 ST. THOMAS COLLEGE LIBRARY
A joint venture of - St. Thomas College Library and
Department of Computer Science, St. Thomas Collge Palai